书目信息 |
| 题名: |
观点
|
|
| 作者: | 钱蓉 , 沈惠 主编 | |
| 分册: | 历史2006 | |
| 出版信息: | 福州 福建人民出版社 2007 |
|
| 页数: | 191页 | |
| 开本: | 23cm | |
| 丛书名: | ||
| 单 册: | ||
| 中图分类: | C53 , K207 | |
| 科图分类: | ||
| 主题词: | 社会科学--文集 , 史学--中国--文集 , 社会科学 , 史学 | |
| 电子资源: | ||
| ISBN: | 978-7-211-05465-7 | |
| 000 | 00917nam0 2200289 450 | |
| 001 | 1234350577 | |
| 005 | 20121003093305.34 | |
| 010 | @a978-7-211-05465-7@dCNY21.20 | |
| 100 | @a20070226d2007 em y0chiy50 ea | |
| 101 | 0 | @achi |
| 102 | @aCN@b350000 | |
| 105 | @ay z 001yy | |
| 200 | 1 | @a观点@Aguan dian@i历史2006@f钱蓉,沈惠主编 |
| 210 | @a福州@c福建人民出版社@d2007 | |
| 215 | @a191页@d23cm | |
| 300 | @a2006年度中国 学术观点 中国人民大学书报资料中心 | |
| 330 | @a该书分为“红军长征”、“西安事变”、“史学理论”、“政治法律”、“思想文化”、“社会经纬”、“经济史论”、“历史地理”、“历史人物”等12个专题。 | |
| 606 | 0 | @a社会科学@j文集 |
| 606 | 0 | @a史学@y中国@j文集 |
| 606 | 0 | @a社会科学 |
| 606 | 0 | @a史学 |
| 690 | @aC53@v4 | |
| 690 | @aK207@v4 | |
| 701 | 0 | @a钱蓉@Aqian rong@c(文献工作)@4主编 |
| 701 | 0 | @a沈惠@Ashen hui@4主编 |
| 801 | 0 | @aCN@bNLC@c20101222 |
| 905 | @a10447@dC53@eJY97 | |
| 观点.历史2006/钱蓉,沈惠主编.-福州:福建人民出版社,2007 |
| 191页;23cm |
| 2006年度中国 学术观点 中国人民大学书报资料中心 |
| ISBN 978-7-211-05465-7:CNY21.20 |
| 该书分为“红军长征”、“西安事变”、“史学理论”、“政治法律”、“思想文化”、“社会经纬”、“经济史论”、“历史地理”、“历史人物”等12个专题。 |
| ● |
| 相关链接 |
|
|
|
|
正题名:观点
索取号:C53/JY97
 
预约/预借
| 序号 | 登录号 | 条形码 | 馆藏地/架位号 | 状态 | 备注 |
| 1 | 7810207 | 278102072 | 学院路分馆/ [索取号:C53/JY97] | 在馆 | |
| 2 | 7810208 | 278102081 | 学院路分馆/ [索取号:C53/JY97] | 在馆 |